|
|
|
|
| LEADER |
01514nam a2200385 i 4500 |
| 001 |
EBC5992908 |
| 003 |
MiAaPQ |
| 005 |
20200108081613.0 |
| 006 |
m o d | |
| 007 |
cr cnu|||||||| |
| 008 |
200108t20192019ne ob 000 0 eng|d |
| 020 |
|
|
|a 9789048537426 (e-book)
|
| 035 |
|
|
|a (MiAaPQ)EBC5992908
|
| 035 |
|
|
|a (Au-PeEL)EBL5992908
|
| 035 |
|
|
|a (OCoLC)1130903694
|
| 040 |
|
|
|a MiAaPQ
|b eng
|e rda
|e pn
|c MiAaPQ
|d MiAaPQ
|
| 041 |
1 |
|
|a eng
|h und
|
| 050 |
|
4 |
|a QL783
|b .V44 2019
|
| 100 |
1 |
|
|a Vehlken, Sebastian,
|e author.
|
| 245 |
1 |
0 |
|a Zootechnologies :
|b a media history of swarm research /
|c Sebastian Vehlken ; translated by Valentine A. Pakis.
|
| 264 |
|
1 |
|a Amsterdam :
|b Amsterdam University Press,
|c [2019]
|
| 264 |
|
4 |
|c 2019
|
| 300 |
|
|
|a 1 online resource (401 pages)
|
| 336 |
|
|
|a text
|2 rdacontent
|
| 337 |
|
|
|a computer
|2 rdamedia
|
| 338 |
|
|
|a online resource
|2 rdacarrier
|
| 504 |
|
|
|a Includes bibliographical references.
|
| 588 |
|
|
|a Description based on online resource; title from PDF title page (ebrary, viewed January 6, 2020).
|
| 590 |
|
|
|a Electronic reproduction. Ann Arbor, MI : ProQuest, 2018. Available via World Wide Web. Access may be limited to ProQuest affiliated libraries.
|
| 650 |
|
0 |
|a Swarming (Zoology)
|
| 650 |
|
0 |
|a Zoology
|x Technological innovations.
|
| 655 |
|
4 |
|a Electronic books.
|
| 700 |
1 |
|
|a Pakis, Valentine A.,
|e translator.
|
| 797 |
2 |
|
|a ProQuest (Firm)
|
| 856 |
4 |
0 |
|u https://ebookcentral.proquest.com/lib/matrademy/detail.action?docID=5992908
|z Click to View
|